Score 0/15 Timer 05:00
0 Plays Today
Hint Answer % Correct
James Bond???
97%
Robin Hood???
84.7%
D'Artagnan???
65.9%
Jack Ryan???
63.3%
Joan of Arc???
59.3%
Ebenezer Scrooge???
54.7%
Sherlock Holmes???
52.5%
Queen Elizabeth I???
51.2%
Hint Answer % Correct
Rooster Cogburn???
47.4%
Frankenstein's Monster???
47.4%
Inspector Clouseau???
45.8%
Prince Hamlet???
44.5%
Hannibal Lecter???
44.2%
Dracula???
34.5%
Ghostface???
27%
Remove Ads.
Support Sporcle.
Get the best of Sporcle when you Go Orange. This ad-free experience offers more features, more stats, and more fun while also helping to support Sporcle. Thank you for becoming a member.

You're not logged in!

Compare scores with friends on all Sporcle quizzes.
OR
Log In

Show Comments

Extras

Top Quizzes Today


Score Distribution

Your Account Isn't Verified!

In order to create a playlist on Sporcle, you need to verify the email address you used during registration. Go to your Sporcle Settings to finish the process.

Report this User

Report this user for behavior that violates our Community Guidelines.

Details: